000 00943nam a22002657a 4500
003 OSt
005 20240220131857.0
008 240220s1998 ag ||||| |||| 00| 0 spa d
020 _a9508600659
040 _cbesoc
245 _aProhibido Olvidar.
_b Brochazos de la Memoria.
260 _aBuenos Aires
_bDesde la Gente
300 _a128 p.
505 _aCarta abierta a la junta Militar-Interrupciones II: exilio-Recuerdos de la mente-El señor Lafforgue-La mala sangre-La larga brisa de todos estos años-Cadáveres-Cuarteles de invierno-Pescados en la playa.
700 _aBonasso, Miguel
_eautor
700 _aPerlongher, Nestor
_eautor
700 _aSoriano, Osvaldo
_eautor
700 _aRivero, Andrés
_eautor
700 _aFogwil, Rodolfo Enrique
_eautor
700 _aGelam, Juan
_eautor
700 _aPavlowsky, Eduardo
_eautor
700 _aGámbaro, Griselda
_eautor
700 _aWalsh, Adolfo
_eautor
942 _2udc
_cLPD
_n0
999 _c198
_d198